000 01018nam a22002297a 4500
999 _c64926
_d64926
005 20240530110758.0
008 190115s2017 ua b f 000 0 ara d
017 _a2017/7197
_bمصر. دار الكتب
020 _a9789779112411
040 _aEG-CaGPL
_cEG-CaGPL
082 0 4 _221
_a962.23 /
_bق/ن ف
100 1 _aالنابلسى، عثمان بن ابراهيم الصفدى
245 1 2 _aالفيوم وبلادة :
_bاظهار صنعة الحى القيوم فى ترتيب بلاد الفيوم /
_cعثمان بن ابراهيم الصفدى النابلسى ؛ تقديم ودراسة محمد التداوى
250 _aط.1
260 _aالقاهرة :
_bالهيئة المصرية العامة للكتاب،
_c2017.
300 _a234 ص. :
_bخرائط ؛
_c24 سم.
651 0 7 _2qrmak
_aالفيوم
_xتاريخ
651 0 7 _2qrmak
_aالفيوم
_xوصف ورحلات
700 0 _aمحمد التداوى
_eمقدم
942 _2ddc
_cBK